000 01590nam0a22002651 4500
001 rc\3339524
005 20250609214446.0
021 _aRU
_b[73-49051]
035 _a(NLR Aleph) 007516676
090 _a7712338
_c7712338
100 _a20130115d1973 |||y0rusy50 ca
101 0 _arus
102 _aRU
105 _aa z |||||
200 1 _aТезисы докладов
_fГос. ком. Совета Министров СССР по науке и технике. Совет экон. и социального развития при Ленингр. обл. ком. КПСС. Науч. совет АН СССР по комплексной проблеме "Оптим. планирование и управление нар. хоз-вом". Центр. экон.-мат. ин-т АН СССР. Ленингр. отд-ние НТПО "Ленсистемотехника". Всесоюз. семинар "Типизация систем управления гор. хоз-вом". 19-21 июня 1973 г.
210 _aЛенинград
_cБ. и.
_d1973
215 _a198 с.
_cчерт.
_d28
320 _aСписки лит. в конце докл.
606 _aГородское хозяйство
_xУправление
_xМатематические методы
_jТезисы докладов
_2psbo
710 1 2 _a"Типизация систем управления гор. хозяйством," всесоюзный семинар (1973; Ленинград)
801 0 _aRU
_bNLR
_gpsbo
801 1 _aRU
_bELAR
_2rusmarc
852 _aNLR
_j73-8/794
942 _cBOOK
980 _aNB